000 00953nam a2200301 b 4500
001 0000605
003 DO-SdBPM
005 20250115125722.0
007 0000605
008 040607s 2010 mx a ||| ||spa
017 _a
_b
020 _a9786071107480
035 _a
040 _aDO-SdBPM
_bspa
_cBPMSU
_e
082 4 _aCh861.4
_bH899a 2010
_222
100 1 _aHuidobro, Vicente
_d1893-1948.
245 1 0 _aAcróbata del cielo:
_bantología breve de Rodolfo Fonseca /
_cVicente Huidobro ; selección Rodolfo Fonseca ; ilustraciones Gerardo Suzán
_h
260 _aMéxico :
_bAlfaguara,
_c2010.
_b
300 _a119 p. :
_bil. ;
_c20 cm
490 0 _aPoesía Rebeldía,
590 _ainventariado, 2025/VM
650 4 _a Poesía chilena
_vColecciones
650 4 _aPoesía creacionista
700 1 _aFonseca, Rodolfo
_eselección
700 1 2 _aSuzán, Geraldo
_eil.
910 _aVMateo V. Control de calidad. BPMSU
942 _2ddc
_cBK
999 _c11136
_d11136